[Event "NACHOD NIKI OPEN 2008"]
[Site "Nachod"]
[Date "2008.??.??"]
[Round "6.17"]
[White "Mojzis, Jan"]
[Black "Stepan, Michal"]
[Result "1/2-1/2"]
[WhiteElo "2146"]
[BlackElo "2040"]
[PlyCount "65"]
[EventDate "2008.06.28"]

1. e4 c5 2. Nf3 d6 3. d4 cxd4 4. Nxd4 Nf6 5. Nc3 g6 6. f3 Bg7 7. Be3 O-O 8. Bc4
Nc6 9. Qd2 Bd7 10. g4 Rc8 11. Bb3 Ne5 12. O-O-O b5 13. h4 a5 14. h5 a4 15. hxg6
axb3 16. Bh6 fxg6 17. Bxg7 Kxg7 18. Qh6+ Kf7 19. axb3 Qa5 20. g5 Nh5 21. Rxh5
Rxc3 22. bxc3 b4 23. Rh4 bxc3 24. Rf4+ Bf5 25. Rxf5+ gxf5 26. Kb1 Ra8 27. Qxh7+
Ke8 28. Qg8+ Kd7 29. Qe6+ Kd8 30. Nc6+ Nxc6 31. Rxd6+ exd6 32. Qxd6+ Ke8 33.
Qxc6+ 1/2-1/2

[Event "NACHOD NIKI OPEN 2008"]
[Site "Nachod"]
[Date "2008.??.??"]
[Round "6.18"]
[White "Srejber, Michal"]
[Black "Necada, Martin"]
[Result "1/2-1/2"]
[WhiteElo "1959"]
[BlackElo "2142"]
[PlyCount "76"]
[EventDate "2008.06.28"]

1. Nf3 Nf6 2. c4 g6 3. b4 Bg7 4. Bb2 O-O 5. g3 d6 6. Bg2 e5 7. O-O a5 8. a3
axb4 9. axb4 Rxa1 10. Bxa1 Nc6 11. b5 Ne7 12. d3 h6 13. Nbd2 Be6 14. Qc2 Qd7
15. Rb1 b6 16. Bc3 Bh3 17. Bh1 Ng4 18. Ra1 f5 19. Qb2 f4 20. d4 fxg3 21. hxg3
Nf5 22. dxe5 dxe5 23. Ne4 Nd4 24. Qd2 Qf5 25. Nxd4 exd4 26. Bxd4 Rd8 27. e3 Ne5
28. f4 c5 29. fxe5 cxd4 30. Nf6+ Bxf6 31. exf6 Qg5 32. Bd5+ Rxd5 33. cxd5 Qxg3+
34. Kh1 Bg4 35. Ra8+ Kh7 36. Ra7+ Kh8 37. Ra8+ Kh7 38. Ra7+ Kh8 1/2-1/2

[Event "NACHOD NIKI OPEN 2008"]
[Site "Nachod"]
[Date "2008.??.??"]
[Round "6.19"]
[White "Kuru, Martin"]
[Black "Gromczak, Dariusz"]
[Result "0-1"]
[WhiteElo "1941"]
[BlackElo "2087"]
[PlyCount "86"]
[EventDate "2008.06.28"]

1. e4 c5 2. c3 Nf6 3. e5 Nd5 4. d4 e6 5. Nf3 Nc6 6. Bc4 Nb6 7. Bb3 d5 8. O-O
cxd4 9. cxd4 Be7 10. Nc3 Bd7 11. Be3 Na5 12. Bc2 Nbc4 13. Rb1 Rc8 14. Qd3 a6
15. Nd2 Nxd2 16. Bxd2 Nc4 17. f4 Nxd2 18. Qxd2 Bb4 19. Rf3 g6 20. Re1 b5 21. a3
Ba5 22. b4 Bb6 23. Bb3 Qc7 24. Rc1 Qa7 25. Rd3 O-O 26. Ne2 Rxc1+ 27. Qxc1 a5
28. Kf2 axb4 29. axb4 f6 30. exf6 Rxf6 31. Qd2 Bc7 32. Rf3 Kg7 33. g3 Bd6 34.
Bc2 Qa1 35. Nc1 Bxb4 36. Nb3 Qh1 37. Qxb4 Qxh2+ 38. Ke1 Qxc2 39. Rc3 Qb2 40.
Rc7 Rf7 41. Qc3 Qxc3+ 42. Rxc3 b4 43. Rc7 Bb5 0-1

[Event "NACHOD NIKI OPEN 2008"]
[Site "Nachod"]
[Date "2008.??.??"]
[Round "6.20"]
[White "Velecky, Viktor"]
[Black "Bazant, Zdenek"]
[Result "1-0"]
[WhiteElo "2084"]
[BlackElo "1853"]
[PlyCount "53"]
[EventDate "2008.06.28"]

1. c4 c5 2. Nc3 Nc6 3. g3 g6 4. Bg2 Bg7 5. Nf3 e6 6. O-O Nge7 7. d4 cxd4 8. Nb5
d5 9. cxd5 Nxd5 10. Nfxd4 Nxd4 11. Nxd4 O-O 12. e4 Nb4 13. Bf4 Bxd4 14. Bh6 Re8
15. e5 Bxe5 16. Qe2 Bg7 17. Rfd1 Qe7 18. Bxg7 Kxg7 19. Rac1 e5 20. Qb5 e4 21.
Rc7 Qe6 22. Bh3 Qe5 23. Qxe5+ Rxe5 24. Bxc8 e3 25. fxe3 Rxe3 26. Rdd7 Re2 27.
Rxf7+ 1-0

[Event "NACHOD NIKI OPEN 2008"]
[Site "Nachod"]
[Date "2008.??.??"]
[Round "7.1"]
[White "Jirka, Jiri"]
[Black "Volosin, Leonid"]
[Result "1/2-1/2"]
[WhiteElo "2400"]
[BlackElo "2434"]
[PlyCount "39"]
[EventDate "2008.06.28"]

1. d4 Nf6 2. c4 e5 3. dxe5 Ng4 4. Bf4 Nc6 5. Nf3 Bb4+ 6. Nbd2 Qe7 7. a3 Bxd2+
8. Qxd2 Ngxe5 9. Nxe5 Nxe5 10. Qd4 f6 11. e3 d6 12. Be2 a5 13. Rc1 b6 14. Bh5+
g6 15. Bd1 a4 16. Bh6 Bb7 17. O-O Nd7 18. e4 Nc5 19. f3 Bc6 20. Be3 1/2-1/2

[Event "NACHOD NIKI OPEN 2008"]
[Site "Nachod"]
[Date "2008.??.??"]
[Round "7.2"]
[White "Kulhanek, Tomas"]
[Black "Sorm, Daniel"]
[Result "1-0"]
[WhiteElo "2399"]
[BlackElo "2320"]
[PlyCount "97"]
[EventDate "2008.06.28"]

1. e4 c5 2. Nc3 Nc6 3. Bb5 e6 4. Bxc6 bxc6 5. d3 d5 6. e5 Ne7 7. f4 Nf5 8. Nf3
h5 9. O-O Be7 10. Re1 Rb8 11. Na4 Ba6 12. b3 Bb5 13. Nb2 c4 14. dxc4 Qb6+ 15.
Kf1 Ba6 16. Qe2 Bb4 17. Bd2 Bxd2 18. Qxd2 dxc4 19. Nxc4 O-O 20. Qf2 Bxc4+ 21.
bxc4 Qb4 22. Qe2 Rfd8 23. Ng5 Rd2 24. Qxh5 Qxc4+ 25. Kg1 Nh6 26. Rab1 Rxb1 27.
Rxb1 g6 28. Qf3 Nf5 29. Kh1 Kg7 30. Qh3 Nh6 31. Qb3 Qxb3 32. cxb3 Rxa2 33. h3
Nf5 34. Rd1 Rb2 35. Rd7 Rxb3 36. Rxf7+ Kg8 37. Rxa7 Nd4 38. Re7 c5 39. Ne4 Rb1+
40. Kh2 Rc1 41. Nxc5 Nf3+ 42. gxf3 Rxc5 43. Kg3 Kf8 44. Kg4 Rc3 45. Ra7 Rb3 46.
h4 Rc3 47. Kg5 Rxf3 48. Kxg6 Rxf4 49. h5 1-0

[Event "NACHOD NIKI OPEN 2008"]
[Site "Nachod"]
[Date "2008.??.??"]
[Round "7.3"]
[White "Cechura, Petr"]
[Black "Sergeev, Vladimir"]
[Result "1-0"]
[WhiteElo "2182"]
[BlackElo "2505"]
[PlyCount "121"]
[EventDate "2008.06.28"]

1. e4 d5 2. exd5 Qxd5 3. Nc3 Qd6 4. d4 Nf6 5. Nf3 a6 6. g3 c6 7. Bg2 Bf5 8. O-O
e6 9. Re1 Be7 10. Na4 Qd8 11. c4 b5 12. Nc3 bxc4 13. Qa4 Bd3 14. Ne5 O-O 15.
Nxd3 cxd3 16. Qc4 Nd5 17. Qxd3 Nd7 18. b3 Bb4 19. Bd2 Bxc3 20. Bxc3 Qb6 21.
Rac1 Rfd8 22. Qc4 N7f6 23. Bd2 Rd6 24. Qc5 Qd8 25. Ba5 Qd7 26. Rc4 Rb8 27. Rec1
h6 28. Bd2 Rb6 29. Qa5 Qb7 30. Qa3 Qd7 31. Qa5 Qb7 32. R1c2 Ne8 33. Qa3 Qb8 34.
Ba5 Rb5 35. Rxc6 Rxc6 36. Rxc6 Qb7 37. Rc2 Qd7 38. Bd2 Rb6 39. Qc5 Nec7 40. Be4
Rb5 41. Qa7 Qd8 42. a4 Qb8 43. Qxb8+ Rxb8 44. Ba5 Ne8 45. b4 Nef6 46. Bd3 g5
47. Bxa6 Nxb4 48. Rc8+ Rxc8 49. Bxc8 Nc6 50. Bb6 Nd5 51. a5 Nxb6 52. axb6 Kf8
53. Bd7 Nb8 54. Bb5 Ke7 55. Kg2 Kd6 56. Kf3 f5 57. h4 Nc6 58. b7 Nb8 59. h5 Kc7
60. Ke3 Kd6 61. f4 1-0

[Event "NACHOD NIKI OPEN 2008"]
[Site "Nachod"]
[Date "2008.??.??"]
[Round "7.4"]
[White "Velicka, Petr"]
[Black "Cerveny, Petr"]
[Result "0-1"]
[WhiteElo "2496"]
[BlackElo "2375"]
[PlyCount "106"]
[EventDate "2008.06.28"]

1. e4 c5 2. Nf3 e6 3. d4 cxd4 4. Nxd4 Nf6 5. Nc3 d6 6. g4 e5 7. Bb5+ Bd7 8.
Bxd7+ Qxd7 9. Nf5 h5 10. gxh5 Nxh5 11. Bh6 Nc6 12. Qxh5 Ne7 13. Nxe7 Bxe7 14.
Qe2 Rxh6 15. O-O-O O-O-O 16. Rhg1 Rh7 17. Rg2 Kb8 18. Nd5 g6 19. Rd3 Rc8 20.
Kb1 Rh4 21. f3 Bd8 22. Ra3 Qc6 23. Rc3 Qd7 24. Rxc8+ Qxc8 25. a3 Qc5 26. Ka2 a6
27. Qd3 Rh3 28. Qb3 Qb5 29. Qxb5 axb5 30. f4 exf4 31. Nxf4 Rh4 32. Rf2 Bb6 33.
Rf3 Rxh2 34. Kb3 Rf2 35. Rxf2 Bxf2 36. Kb4 g5 37. Nd5 g4 38. Kxb5 g3 39. Nf4 d5
40. exd5 f5 41. Kc4 Be3 42. Ng2 Bc1 43. Kd4 Bxb2+ 44. Ke3 Be5 45. Kf3 b5 46.
Nh4 f4 47. Ke4 Bd6 48. Kd4 Bxa3 49. Ke5 Bc1 50. d6 g2 51. Nf3 Be3 52. d7 Kc7
53. Ke6 Bc5 0-1

[Event "NACHOD NIKI OPEN 2008"]
[Site "Nachod"]
[Date "2008.??.??"]
[Round "7.5"]
[White "Porat, Ido"]
[Black "Bauma, Jiri"]
[Result "1-0"]
[WhiteElo "2360"]
[BlackElo "2278"]
[PlyCount "113"]
[EventDate "2008.06.28"]

1. d4 g6 2. c4 Bg7 3. e4 Nc6 4. Be3 e5 5. Nf3 Nh6 6. d5 Ne7 7. Bxh6 Bxh6 8.
Nxe5 d6 9. Nf3 O-O 10. Be2 Bg7 11. Nc3 f5 12. exf5 Nxf5 13. O-O c5 14. dxc6
bxc6 15. Qd2 Qb6 16. Rad1 Bb7 17. Bd3 d5 18. cxd5 cxd5 19. Bxf5 Rxf5 20. Nd4
Rf7 21. b3 Raf8 22. f4 g5 23. Na4 Qd6 24. fxg5 Rxf1+ 25. Rxf1 Rxf1+ 26. Kxf1
Qxh2 27. Nf3 Qd6 28. Qc2 Ba6+ 29. Kf2 d4 30. Qc5 Qd7 31. Qb4 Qf5 32. Qb8+ Qc8
33. Qxc8+ Bxc8 34. Nc5 Kf7 35. Ne4 Ba6 36. Nf6 Bxf6 37. gxf6 d3 38. Ke3 Kxf6
39. Ne1 Kg5 40. Nxd3 Kg4 41. Nc5 Bc8 42. Kf2 Kf4 43. g3+ Kg4 44. b4 h5 45. a4
a6 46. b5 axb5 47. axb5 h4 48. gxh4 Kxh4 49. Ke3 Kg5 50. Ke4 Kf6 51. Kd5 Ke7
52. Kc6 Bg4 53. Kc7 Be2 54. b6 Bf3 55. Nb7 Bg2 56. Nd8 Bh1 57. Nc6+ 1-0

[Event "NACHOD NIKI OPEN 2008"]
[Site "Nachod"]
[Date "2008.??.??"]
[Round "7.6"]
[White "Spirin, Oleg"]
[Black "Bylino, Oleg"]
[Result "1/2-1/2"]
[WhiteElo "2430"]
[BlackElo "2170"]
[PlyCount "68"]
[EventDate "2008.06.28"]

1. d4 Nf6 2. c4 e6 3. Nc3 Bb4 4. e3 c5 5. a3 Bxc3+ 6. bxc3 Nc6 7. Bd3 O-O 8.
Ne2 b6 9. O-O Ba6 10. e4 d6 11. Bg5 h6 12. Bh4 g5 13. Bg3 e5 14. f3 Re8 15. Bf2
Nh5 16. Qd2 Na5 17. Qc2 Qd7 18. a4 Rac8 19. d5 Kh8 20. Kh1 Rg8 21. g3 Rg7 22.
Ng1 Rcg8 23. Be3 Rg6 24. Qe2 Nf6 25. Rf2 Re8 26. Qa2 Kg7 27. Ne2 Nh5 28. Ng1
Nf6 29. Qe2 Qe7 30. Rff1 Qd7 31. Qa2 Nh5 32. Qe2 Nf6 33. Kg2 Kh8 34. Kh1 Bc8
1/2-1/2

[Event "NACHOD NIKI OPEN 2008"]
[Site "Nachod"]
[Date "2008.??.??"]
[Round "7.7"]
[White "Karlik, Vladimir"]
[Black "Novotny, Josef"]
[Result "1-0"]
[WhiteElo "2317"]
[BlackElo "2169"]
[PlyCount "59"]
[EventDate "2008.06.28"]

1. d4 d6 2. e4 e6 3. Nc3 Nf6 4. Nf3 Nc6 5. Be2 Be7 6. O-O Bd7 7. h3 h6 8. e5
dxe5 9. dxe5 Nh7 10. Bd3 Ng5 11. Nxg5 hxg5 12. Re1 Rh4 13. a3 f5 14. exf6 gxf6
15. Re4 Rh8 16. Qf3 f5 17. Re1 Nd4 18. Qe3 c5 19. Ne2 Qb6 20. Nxd4 cxd4 21. Qe2
O-O-O 22. c3 g4 23. Bf4 gxh3 24. Qe5 Bc6 25. Qxe6+ Rd7 26. Qe5 h2+ 27. Kh1
Bxg2+ 28. Kxg2 h1=Q+ 29. Rxh1 Rg8+ 30. Kf1 1-0

[Event "NACHOD NIKI OPEN 2008"]
[Site "Nachod"]
[Date "2008.??.??"]
[Round "7.8"]
[White "Porat, Maya"]
[Black "Cerveny, Martin"]
[Result "0-1"]
[WhiteElo "2156"]
[BlackElo "2305"]
[PlyCount "70"]
[EventDate "2008.06.28"]

1. d4 d5 2. c4 c6 3. Nf3 Nf6 4. e3 Bf5 5. Nc3 e6 6. Be2 h6 7. O-O Nbd7 8. Qb3
Qb6 9. c5 Qc7 10. Nh4 Bh7 11. f4 g5 12. Nf3 Bg7 13. Ne5 O-O 14. Qa4 Nxe5 15.
fxe5 Nd7 16. Bd2 f6 17. exf6 Nxf6 18. Be1 h5 19. Bg3 Qd7 20. Be5 g4 21. b4 Bf5
22. Qd1 Nh7 23. Bxg7 Qxg7 24. b5 Ng5 25. bxc6 bxc6 26. Kh1 Qg6 27. Ba6 Rab8 28.
Ne2 Rb2 29. Nf4 Be4 30. Qc1 Rfb8 31. Re1 Rxg2 32. Nxg2 Bxg2+ 33. Kxg2 Qe4+ 34.
Kg3 Qf3+ 35. Kh4 Ne4 0-1

[Event "NACHOD NIKI OPEN 2008"]
[Site "Nachod"]
[Date "2008.??.??"]
[Round "7.9"]
[White "Urbanec, Ladislav"]
[Black "Kriz, Lubos"]
[Result "1-0"]
[WhiteElo "2296"]
[BlackElo "2175"]
[PlyCount "49"]
[EventDate "2008.06.28"]

1. e4 c5 2. Nf3 e6 3. Nc3 a6 4. d4 cxd4 5. Nxd4 Qc7 6. Bd3 Nc6 7. Nxc6 dxc6 8.
O-O Nf6 9. Qe2 e5 10. a4 Bb4 11. Bd2 a5 12. f4 O-O 13. f5 Nd7 14. Rf3 Qd6 15.
Raf1 Rb8 16. Kh1 Rd8 17. Rh3 Nf8 18. g4 b5 19. axb5 cxb5 20. g5 Bxc3 21. Bxc3
b4 22. Be1 Rb6 23. Rg3 Ba6 24. Bxa6 Rxa6 25. Rd3 1-0

[Event "NACHOD NIKI OPEN 2008"]
[Site "Nachod"]
[Date "2008.??.??"]
[Round "7.10"]
[White "Gromczak, Dariusz"]
[Black "Kopta, Pavel"]
[Result "1/2-1/2"]
[WhiteElo "2087"]
[BlackElo "2276"]
[PlyCount "85"]
[EventDate "2008.06.28"]

1. e4 c5 2. Nc3 Nc6 3. f4 g6 4. Nf3 Bg7 5. Bc4 d6 6. d3 Nf6 7. O-O O-O 8. f5 e6
9. Bg5 h6 10. fxe6 fxe6 11. Bh4 g5 12. Bg3 Kh8 13. e5 dxe5 14. Qe2 Nh5 15. Bf2
Nf4 16. Qe4 Qd6 17. g3 Nh3+ 18. Kg2 Nxf2 19. Rxf2 Bd7 20. h4 Nd4 21. Qg4 Nxf3
22. Rxf3 Rxf3 23. Kxf3 Qf8+ 24. Ke2 Qf5 25. Qxf5 exf5 26. hxg5 Kh7 27. gxh6
Bxh6 28. Nd5 Bg5 29. Ne3 Kg6 30. Rh1 Rd8 31. Bd5 Bc8 32. Bf3 b5 33. b3 Be6 34.
Bc6 f4 35. gxf4 exf4 36. Nd1 b4 37. Be4+ Kf6 38. Nf2 Rd6 39. Bf3 Bf5 40. Ne4+
Bxe4 41. Bxe4 Ra6 42. d4 cxd4 43. Kd3 1/2-1/2

[Event "NACHOD NIKI OPEN 2008"]
[Site "Nachod"]
[Date "2008.??.??"]
[Round "7.11"]
[White "Kizilkaya, Mehmet"]
[Black "Pertlova, Sona"]
[Result "0-1"]
[WhiteElo "2235"]
[BlackElo "2159"]
[PlyCount "60"]
[EventDate "2008.06.28"]

1. e4 c5 2. c3 Nf6 3. e5 Nd5 4. Nf3 e6 5. d4 cxd4 6. cxd4 d6 7. Bc4 Nc6 8. O-O
Nb6 9. Bb5 Bd7 10. Nc3 a6 11. Bd3 dxe5 12. dxe5 Nb4 13. Bg5 Be7 14. Ne4 Ba4 15.
Bxe7 Kxe7 16. Qd2 Nxd3 17. b3 Bc6 18. Rfe1 Nxe1 19. Qb4+ Kd7 20. Rd1+ Nd5 21.
Nxe1 Kc7 22. Qc5 Qf8 23. Nd6 f6 24. f4 fxe5 25. fxe5 Qf4 26. Nc4 Rad8 27. Nd3
Qe4 28. Rf1 Qxd3 29. Rf7+ Kb8 30. h3 Qg6 0-1

[Event "NACHOD NIKI OPEN 2008"]
[Site "Nachod"]
[Date "2008.??.??"]
[Round "7.12"]
[White "Herejk, Petr"]
[Black "Velecky, Viktor"]
[Result "1-0"]
[WhiteElo "2177"]
[BlackElo "2084"]
[PlyCount "89"]
[EventDate "2008.06.28"]

1. e4 c6 2. d4 d5 3. Nc3 dxe4 4. Nxe4 Bf5 5. Ng3 Bg6 6. h4 h6 7. Nf3 Nd7 8. h5
Bh7 9. Bd3 Bxd3 10. Qxd3 Qc7 11. Bd2 Ngf6 12. O-O-O O-O-O 13. Ne4 e6 14. g3 c5
15. Bf4 Qc6 16. Nxf6 c4 17. Qe3 gxf6 18. d5 Qa6 19. Qc3 b5 20. d6 e5 21. Bd2
Bxd6 22. Qa5 Qb7 23. Nh4 Nb8 24. Nf5 Bc5 25. Bxh6 Nc6 26. Qe1 Nd4 27. Nxd4 exd4
28. Bf4 Rhe8 29. Qf1 Qd5 30. h6 d3 31. cxd3 cxd3 32. Kb1 Bb4 33. Bd2 Bxd2 34.
Rxd2 Qf3 35. Qh3+ Kb7 36. Rhd1 Re2 37. h7 Rxf2 38. a4 Rxd2 39. Rxd2 Rh8 40.
Qd7+ Kb8 41. Qxb5+ Kc7 42. Rxd3 Qe4 43. Ka2 Rxh7 44. Rc3+ Kd6 45. Qb8+ 1-0

[Event "NACHOD NIKI OPEN 2008"]
[Site "Nachod"]
[Date "2008.??.??"]
[Round "7.13"]
[White "Jirasek, Pavel"]
[Black "Mareckova, Martina"]
[Result "1-0"]
[WhiteElo "2277"]
[BlackElo "2045"]
[PlyCount "69"]
[EventDate "2008.06.28"]

1. e4 e5 2. Nf3 Nc6 3. Bb5 a6 4. Ba4 d6 5. O-O Bg4 6. d3 Qf6 7. c3 Bxf3 8. Qxf3
Qxf3 9. gxf3 Nge7 10. f4 exf4 11. Bxf4 O-O-O 12. Nd2 f5 13. f3 g5 14. Be3 h5
15. Bxg5 Rg8 16. h4 Bh6 17. f4 d5 18. e5 d4 19. c4 Bxg5 20. hxg5 Ng6 21. Bxc6
bxc6 22. b4 Kd7 23. Nb3 Ke7 24. Rab1 h4 25. Kg2 h3+ 26. Kh2 Rh8 27. Rf3 Rh4 28.
Rbf1 Rg4 29. Rxh3 Nxf4 30. Rh7+ Kf8 31. Nc5 Kg8 32. Rh6 Kf7 33. e6+ Ke7 34.
Rh7+ Ke8 35. Nxa6 1-0

[Event "NACHOD NIKI OPEN 2008"]
[Site "Nachod"]
[Date "2008.??.??"]
[Round "7.14"]
[White "Sykora, Petr"]
[Black "Munk, Petr"]
[Result "0-1"]
[WhiteElo "2070"]
[BlackElo "2221"]
[PlyCount "64"]
[EventDate "2008.06.28"]

1. c4 e5 2. g3 Nc6 3. Bg2 g6 4. Nc3 Bg7 5. Nf3 d6 6. O-O Nf6 7. d3 O-O 8. Bg5
h6 9. Bxf6 Qxf6 10. Rb1 a5 11. a3 Nd4 12. Nd2 c6 13. b4 axb4 14. axb4 Ra3 15.
e3 Qe7 16. exd4 Rxc3 17. Qe2 Bf5 18. Ne4 Ra3 19. b5 exd4 20. bxc6 bxc6 21. g4
Bc8 22. Ra1 Rxa1 23. Rxa1 Be5 24. Qd2 Qh4 25. f4 f5 26. fxe5 fxe4 27. Bxe4
Qxg4+ 28. Kh1 Bf5 29. Bxc6 Qh3 30. exd6 Be4+ 31. Kg1 Bxc6 32. Qe2 Qf5 0-1

[Event "NACHOD NIKI OPEN 2008"]
[Site "Nachod"]
[Date "2008.??.??"]
[Round "7.15"]
[White "Kosek, Jiri"]
[Black "Siktanc, Petr"]
[Result "1/2-1/2"]
[WhiteElo "2053"]
[BlackElo "2182"]
[PlyCount "47"]
[EventDate "2008.06.28"]

1. d4 e6 2. c4 f5 3. Nc3 Nf6 4. g3 Be7 5. Bg2 O-O 6. Nf3 d6 7. O-O a5 8. b3 Qe8
9. Bb2 Qh5 10. e3 Na6 11. a3 Rb8 12. Ne1 Qh6 13. Nd3 c6 14. Qe2 e5 15. dxe5 Ng4
16. h3 Nxe5 17. f4 Nxd3 18. Qxd3 Be6 19. Kh2 Rfe8 20. Rfe1 Bf6 21. Qc2 g6 22.
Ne2 Qg7 23. Bxf6 Qxf6 24. Qc3 1/2-1/2

[Event "NACHOD NIKI OPEN 2008"]
[Site "Nachod"]
[Date "2008.??.??"]
[Round "7.16"]
[White "Neoral, Antonin"]
[Black "Cerovsky, Marek"]
[Result "1-0"]
[WhiteElo "2160"]
[BlackElo "2017"]
[PlyCount "60"]
[EventDate "2008.06.28"]

1. e4 e5 2. Bc4 Nc6 3. Nf3 Bc5 4. O-O d6 5. c3 Bg4 6. a4 a5 7. d3 Nge7 8. Bxf7+
Kf8 9. Ba2 Qd7 10. Be3 g6 11. Bh6+ Ke8 12. Bg7 Rg8 13. Bh6 Rh8 14. Nbd2 Ng8 15.
Be3 Bxe3 16. fxe3 Ke7 17. h3 Bxf3 18. Qxf3 Re8 19. Qg3 Kd8 20. Rf7 Re7 21. Rf8+
Re8 22. Raf1 Nge7 23. R8f7 Kc8 24. Bb3 Kb8 25. d4 Qc8 26. Qh4 Rhf8 27. Qxh7 Rh8
28. Qg7 Reg8 29. Qf6 Qe8 30. d5 Nd8 1-0

[Event "NACHOD NIKI OPEN 2008"]
[Site "Nachod"]
[Date "2008.??.??"]
[Round "7.19"]
[White "Stepan, Michal"]
[Black "Sakar, Milos"]
[Result "1-0"]
[WhiteElo "2040"]
[BlackElo "2090"]
[PlyCount "47"]
[EventDate "2008.06.28"]

1. d4 Nf6 2. Nc3 d5 3. e4 Nxe4 4. Nxe4 dxe4 5. Bc4 e6 6. Be3 Nd7 7. Qe2 b6 8.
O-O-O Bb7 9. Nh3 h6 10. Nf4 Nf6 11. g4 c6 12. h4 Nd5 13. Bd2 Be7 14. g5 Qc7 15.
Qxe4 hxg5 16. hxg5 Rxh1 17. Rxh1 O-O-O 18. g6 Bg5 19. Bxd5 cxd5 20. Qf3 Rf8 21.
Nxe6 Bxd2+ 22. Kxd2 fxe6 23. Qxf8+ Qd8 24. Rh8 1-0

[Event "NACHOD NIKI OPEN 2008"]
[Site "Nachod"]
[Date "2008.??.??"]
[Round "7.20"]
[White "Hlavac, Frantisek"]
[Black "Srejber, Michal"]
[Result "0-1"]
[WhiteElo "2081"]
[BlackElo "1959"]
[PlyCount "83"]
[EventDate "2008.06.28"]

1. e4 c5 2. Nc3 e6 3. g3 a6 4. Bg2 b5 5. a3 Bb7 6. d3 Nf6 7. Nh3 Be7 8. O-O d6
9. f4 Nbd7 10. Nf2 Qc7 11. Ne2 h6 12. c3 Rc8 13. Bd2 Qb8 14. Rc1 Qa8 15. Qc2 h5
16. h3 O-O 17. g4 hxg4 18. hxg4 Nh7 19. Ng3 Bh4 20. Kh2 f5 21. Bh1 fxg4 22.
Nxg4 Nhf6 23. Qd1 c4 24. e5 Bxh1 25. Nxh1 dxe5 26. fxe5 Nxg4+ 27. Qxg4 Nxe5 28.
Qxe6+ Nf7 29. d4 Rc6 30. Qd5 Bg5 31. Bxg5 Rh6+ 32. Bxh6 Qxd5 33. Bf4 Qh5+ 34.
Kg2 Qe2+ 35. Rf2 Qe4+ 36. Kg1 Nh6 37. Ng3 Qg6 38. Kg2 Ng4 39. Rf3 Qc6 40. Ne2
g5 41. Kg3 gxf4+ 42. Kxg4 0-1

[Event "NACHOD NIKI OPEN 2008"]
[Site "Nachod"]
[Date "2008.??.??"]
[Round "8.1"]
[White "Jirka, Jiri"]
[Black "Kulhanek, Tomas"]
[Result "1/2-1/2"]
[WhiteElo "2400"]
[BlackElo "2399"]
[PlyCount "98"]
[EventDate "2008.06.28"]

1. d4 Nf6 2. c4 e6 3. g3 Bb4+ 4. Bd2 Qe7 5. Bg2 Nc6 6. Nf3 Bxd2+ 7. Nbxd2 d6 8.
O-O O-O 9. e4 e5 10. d5 Nb8 11. Ne1 a5 12. Nd3 Na6 13. f4 Nd7 14. b3 Nac5 15.
Nf2 f5 16. exf5 exf4 17. Re1 Qg5 18. g4 Ne5 19. Nf3 Nxf3+ 20. Qxf3 h5 21. h3 g6
22. Ne4 Nxe4 23. Rxe4 Qf6 24. Rae1 hxg4 25. hxg4 gxf5 26. Rxf4 fxg4 27. Rxf6
gxf3 28. Rxf3 Rxf3 29. Bxf3 Bf5 30. Re7 Rc8 31. Bh5 Kh8 32. Bf7 b6 33. a3 Bc2
34. Be6 Rf8 35. b4 axb4 36. axb4 Bb3 37. Rxc7 Rf4 38. Rc6 Rxc4 39. Rxb6 Kg7 40.
Rb8 Rd4 41. b5 Bxd5 42. Bxd5 Rxd5 43. Kf2 Rd3 44. Ke2 Rb3 45. Kd2 Kf7 46. Kc2
Rb4 47. Kc3 Rb1 48. Kc4 Ke6 49. Rb7 d5+ 1/2-1/2

[Event "NACHOD NIKI OPEN 2008"]
[Site "Nachod"]
[Date "2008.??.??"]
[Round "8.2"]
[White "Volosin, Leonid"]
[Black "Cechura, Petr"]
[Result "1-0"]
[WhiteElo "2434"]
[BlackElo "2182"]
[PlyCount "75"]
[EventDate "2008.06.28"]

1. Nf3 d5 2. g3 Nf6 3. Bg2 c6 4. O-O Bf5 5. d3 e6 6. Nbd2 Be7 7. Qe1 Na6 8. e4
Bg6 9. Ne5 Nd7 10. Nxg6 hxg6 11. Qe2 O-O 12. e5 b5 13. h4 c5 14. Nf3 Nc7 15.
Bf4 d4 16. Ng5 Rb8 17. Qg4 Bxg5 18. Bxg5 Qe8 19. Rae1 Rb6 20. b4 cxb4 21. Qxd4
Ra6 22. Qxb4 Nb6 23. Qc5 Qc8 24. Be7 Re8 25. Bd6 Ncd5 26. Qxb5 Nc3 27. Qb3 Nbd5
28. a3 Rb6 29. Qc4 Rb2 30. Qg4 Rxc2 31. h5 gxh5 32. Qxh5 Qa6 33. Be4 Nxe4 34.
Rxe4 g6 35. Qh6 Rxf2 36. Rxf2 Qxd3 37. Rh4 Qxg3+ 38. Kh1 1-0

[Event "NACHOD NIKI OPEN 2008"]
[Site "Nachod"]
[Date "2008.??.??"]
[Round "8.3"]
[White "Cerveny, Petr"]
[Black "Karlik, Vladimir"]
[Result "1/2-1/2"]
[WhiteElo "2375"]
[BlackElo "2317"]
[PlyCount "77"]
[EventDate "2008.06.28"]

1. e4 c5 2. Nc3 Nc6 3. Bb5 Nd4 4. Bc4 e6 5. Nf3 Nf6 6. O-O a6 7. d3 b5 8. Bb3
Nxb3 9. axb3 Bb7 10. e5 Nd5 11. Ne4 f5 12. exf6 Nxf6 13. Bg5 Be7 14. Qe2 O-O
15. Nfd2 Qe8 16. f4 Nd5 17. g3 Nf6 18. c3 Qg6 19. Rae1 h6 20. Nxf6+ Bxf6 21.
Bxf6 Qxf6 22. Qe5 Qg6 23. Qe3 Rad8 24. Rf2 Kh8 25. Nf3 Bxf3 26. Rxf3 Rc8 27.
Qe4 Qe8 28. Rfe3 Qd8 29. Rd1 Qb6 30. Kg2 a5 31. Re2 Ra8 32. d4 cxd4 33. Rxd4
Ra7 34. Red2 d5 35. Qg6 Rc7 36. Re2 Rc6 37. Qd3 b4 38. c4 dxc4 39. Rxc4 1/2-1/2

[Event "NACHOD NIKI OPEN 2008"]
[Site "Nachod"]
[Date "2008.??.??"]
[Round "8.4"]
[White "Sorm, Daniel"]
[Black "Porat, Ido"]
[Result "1/2-1/2"]
[WhiteElo "2320"]
[BlackElo "2360"]
[PlyCount "38"]
[EventDate "2008.06.28"]

1. e4 e5 2. Bc4 Nf6 3. d3 Bc5 4. Nf3 Nc6 5. O-O d6 6. c3 O-O 7. b4 Bb6 8. a4 a5
9. b5 Ne7 10. h3 Ng6 11. Re1 Re8 12. Qb3 Be6 13. Bxe6 Rxe6 14. Ng5 Re7 15. c4
Bd4 16. Ra2 c6 17. Nc3 Rd7 18. Nf3 Bc5 19. Rc2 Nh5 1/2-1/2

[Event "NACHOD NIKI OPEN 2008"]
[Site "Nachod"]
[Date "2008.??.??"]
[Round "8.5"]
[White "Cerveny, Martin"]
[Black "Herejk, Petr"]
[Result "1-0"]
[WhiteElo "2305"]
[BlackElo "2177"]
[PlyCount "123"]
[EventDate "2008.06.28"]

1. c4 e5 2. Nc3 Nf6 3. g3 d5 4. cxd5 Nxd5 5. Bg2 Nb6 6. Nf3 Nc6 7. O-O Be7 8.
d3 O-O 9. a3 Re8 10. b4 Bf8 11. Bb2 Bg4 12. Ne4 Nd4 13. Nxd4 exd4 14. h3 Bh5
15. g4 Bg6 16. Nc5 Bxc5 17. bxc5 Nd5 18. Qd2 Nc3 19. Bf3 Na4 20. Rac1 Nxb2 21.
Qxb2 Qf6 22. Qxb7 Rab8 23. Qxc7 Bxd3 24. Qd6 Qxd6 25. cxd6 Bb5 26. Rfd1 d3 27.
exd3 Red8 28. Rc7 Rxd6 29. Rxa7 Kf8 30. Rb1 Rbb6 31. Be4 h6 32. Rc1 Rb8 33.
Rcc7 Be8 34. Kg2 Rf6 35. Kg3 g5 36. Rc5 Rd6 37. f4 gxf4+ 38. Kxf4 Kg7 39. Rf5
Rbd8 40. a4 Bd7 41. Rd5 Rxd5 42. Bxd5 Bxa4 43. Bxf7 Rd7 44. Rxa4 Rxf7+ 45. Ke3
Rf1 46. Rf4 Re1+ 47. Kd2 Rh1 48. Rf3 Ra1 49. d4 Kg6 50. Ke3 Re1+ 51. Kd3 Ra1
52. Ke4 h5 53. gxh5+ Kxh5 54. d5 Kg5 55. Ke5 Rd1 56. Ke6 Re1+ 57. Kd7 Rd1 58.
d6 Kg6 59. Kc7 Rc1+ 60. Kd8 Rd1 61. d7 Kg7 62. Rc3 1-0

[Event "NACHOD NIKI OPEN 2008"]
[Site "Nachod"]
[Date "2008.??.??"]
[Round "8.6"]
[White "Pertlova, Sona"]
[Black "Urbanec, Ladislav"]
[Result "1/2-1/2"]
[WhiteElo "2159"]
[BlackElo "2296"]
[PlyCount "29"]
[EventDate "2008.06.28"]

1. d4 Nf6 2. c4 c6 3. Nf3 d6 4. g3 Nbd7 5. Nc3 e5 6. e4 Qc7 7. h3 a6 8. a4 g6
9. Bg2 Bg7 10. O-O O-O 11. Be3 Re8 12. Qc2 a5 13. Rad1 exd4 14. Nxd4 Ne5 15.
Rfe1 1/2-1/2

[Event "NACHOD NIKI OPEN 2008"]
[Site "Nachod"]
[Date "2008.??.??"]
[Round "8.7"]
[White "Sergeev, Vladimir"]
[Black "Neoral, Antonin"]
[Result "1-0"]
[WhiteElo "2505"]
[BlackElo "2160"]
[PlyCount "81"]
[EventDate "2008.06.28"]

1. d4 Nf6 2. Nf3 g6 3. Bg5 Bg7 4. Nbd2 d5 5. e3 Nbd7 6. b4 O-O 7. Be2 Re8 8.
O-O e5 9. c3 c6 10. a4 h6 11. Bh4 a5 12. bxa5 Qxa5 13. Qc2 Nh7 14. Nb3 Qa7 15.
Rfd1 exd4 16. Nbxd4 Nhf8 17. c4 dxc4 18. Bxc4 Nc5 19. Qa2 Nce6 20. a5 Kh7 21.
Bg3 Nxd4 22. Nxd4 Ne6 23. Bxe6 fxe6 24. Bc7 e5 25. Nb3 Be6 26. Qc2 e4 27. Rab1
Rac8 28. Bb6 Qb8 29. Nc5 Bd5 30. Rb4 Bf8 31. Ba7 Bxc5 32. Bxb8 Bxb4 33. Qb2
Rxb8 34. Qxb4 Kg7 35. h4 h5 36. Rb1 Kf7 37. Qd6 Red8 38. Qc7+ Ke6 39. Rb6 Rdc8
40. Qg3 Kf7 41. a6 1-0